| 000 | 01311nam a2200349 a 4500 | ||
|---|---|---|---|
| 003 | AR-BaBNM | ||
| 005 | 20251128205014.0 | ||
| 008 | 082120s2002 ||||||||||||||000 | spa|| | ||
| 020 | _a84-85840-12-7 | ||
| 040 | _cAR-BaBNM | ||
| 110 | 2 |
_aUniversitat de Barcelona _bDivisió |
|
| 245 | 0 | 0 |
_aLa pedagogía universitària _bun repte a l'ensenyament superior |
| 250 | _a1ª ed. | ||
| 260 |
_aBarcelona _bUniversitat de Barcelona. Divisió de ciencies de l'educació _bHorsori _c1991 |
||
| 300 |
_a391 p. _bdiagr., tablas |
||
| 500 | _aLRU: Ley de Reforma Universitaria | ||
| 500 | _aUNESCO: Organización de las Naciones para la Educación, la Ciencia y la Cultura | ||
| 504 | _aContiene bibliografía al final de cada ponencia o comunicación | ||
| 650 | 4 | _aUNIVERSIDADES E INSTITUTOS DE EDUCACION SUPERIOR | |
| 650 | 4 | _aPEDAGOGIA | |
| 650 | 4 | _aENSEÑANZA UNIVERSITARIA | |
| 650 | 4 | _aCURSOS UNIVERSITARIOS | |
| 650 | 4 | _aESTUDIANTES UNIVERSITARIOS | |
| 650 | 4 | _aPLAN DE ESTUDIOS UNIVERSITARIOS | |
| 650 | 4 | _aPROGRAMAS ESPECIALES | |
| 650 | 4 | _aPROFESORES UNIVERSITARIOS | |
| 653 | _aEDUCACION SUPERIOR | ||
| 700 | 1 |
_aRotger, Josep M. _eprologuista |
|
| 711 | 2 |
_aColoquio Internacional sobre la pedagogía universitaria _cBarcelona, España _9oct. 17-19 _d1990 |
|
| 942 | _cBK | ||
| 998 | _csilvi | ||
| 999 |
_c9659 _d9659 |
||